Statistiques concernant Les 15 départements avec le plus de célibataires

Cliquez ici pour prendre le quiz!

Statistiques générales

  • Ce quiz a été pris 37 fois
  • Le résultat moyen est 9 sur 17

Statistiques - réponses

Rang% de célibatairesDépartement% Correct
140.1Paris
91%
1029.0Nord
80%
531.1Rhône
77%
1228.9Bouches-du-Rhône
71%
235.5Seine-Saint-Denis
66%
1528.1Gironde
57%
432.7Hauts-de-Seine
57%
333.6Val-de-Marne
54%
730.5Val-d'Oise
54%
1428.4Seine-et-Marne
51%
829.3Essonne
46%
1029.0Hérault
46%
1528.1Ille-et-Vilaine
40%
531.1Haute-Garonne
37%
1528.1Cote-d'Or
23%
1328.8Haute-Corse
17%
829.3Meurthe-et-Moselle
9%

Distribution des résultats

Percentile par nombre de réponses

% des personnes avec chaque résultat

Votre développement - résultats

Vous n’avez pas pris ce quiz